000 00523nam a2200181Ia 4500
008 100917s9999 xx 000 0 und d
082 _b9833
100 _aहसमनीस द. का.
245 _aमी आमृतात न्हाले
260 _b---
_c1971
300 _a124
365 _b6
520 _aकादंबरी
630 _aमी आमृतात न्हाले
650 _aकादंबरी
730 _aमी आमृतात न्हाले
942 _cBOOK
999 _c615227
_d615224